Central Library OPAC University of Rajshahi

Principles of financial management / (Record no. 60384)

MARC details
000 -LEADER
fixed length control field 00773nam a2200241 a 4500
001 - CONTROL NUMBER
control field 60384
003 - CONTROL NUMBER IDENTIFIER
rucl marc code BD-RjUL
005 - DATE AND TIME OF LATEST TRANSACTION
control field 20211209080831.0
008 - FIXED-LENGTH DATA ELEMENTS--GENERAL INFORMATION
fixed length control field 161231s1983 txufa b 001 0 eng d
020 ## - INTERNATIONAL STANDARD BOOK NUMBER
International Standard Book Number 0256028796
035 ## - SYSTEM CONTROL NUMBER
System control number (BD-RjUL)60508
040 ## - CATALOGING SOURCE
Original cataloging agency DLC
Transcribing agency DLC
Modifying agency DLC
-- BD-RjUL
Language of cataloging eng
041 ## - LANGUAGE CODE
Language code of text/sound track or separate title eng
082 00 - DEWEY DECIMAL CLASSIFICATION NUMBER
Classification number 658.15
Edition number 23
Author mark and year KOP 1983
100 1# - MAIN ENTRY--PERSONAL NAME
Personal name Kolb, Burton A.
Fuller form of name (Burton Arthur),
Dates associated with a name 1922-
9 (RLIN) 179708
245 10 - TITLE STATEMENT
Title Principles of financial management /
Statement of responsibility, etc. Burton A. Kolb.
260 ## - PUBLICATION, DISTRIBUTION, ETC. (IMPRINT)
Place of publication, distribution, etc. Plano, Tex. :
Name of publisher, distributor, etc. Business Publications,
Date of publication, distribution, etc. c1983.
300 ## - PHYSICAL DESCRIPTION
Pagination xv, 799 p., [2] p. :
Illustrations ill. ;
Size 25 cm.
504 ## - BIBLIOGRAPHY, ETC. NOTE
Bibliography, etc Includes bibliographical references and index.
650 #0 - SUBJECT ADDED ENTRY--TOPICAL TERM
Topical term or geographic name as entry element Corporations
General subdivision Finance.
9 (RLIN) 175109
Topical term or geographic name as entry element Business enterprises
General subdivision Finance.
9 (RLIN) 177739
942 ## - ADDED ENTRY ELEMENTS (KOHA)
Source of classification or shelving scheme Dewey Decimal Classification
Koha item type Books
Holdings
Lost status Source of classification or shelving scheme Damaged status Not for loan Collection code Permanent Location Current Location Shelving location Date acquired Total Checkouts Full call number Date last seen Copy number Koha item type
  Dewey Decimal Classification   Not For Loan Non-fiction Central Library, University of Rajshahi Central Library, University of Rajshahi Reading Room 27/10/1992   658.15 KOP 1983 31/12/2016 C-1 Books